[Event "Ljubljana-chT 69th 1st League"]
[Site "Ljubljana"]
[Date "2016.03.03"]
[Round "5.2"]
[White "Mazzini, Katarina"]
[Black "Becic, Semso"]
[Result "1-0"]
[WhiteElo "1609"]
[BlackElo "1684"]
[PlyCount "179"]
[EventDate "2016.01.14"]
[EventType "team-tourn"]
[EventRounds "9"]
[EventCountry "SLO"]
[SourceTitle "EXT 2022"]
[Source "ChessBase"]
[SourceDate "2021.10.06"]
[SourceVersion "1"]
[SourceVersionDate "2021.10.06"]
[SourceQuality "1"]
[WhiteTeam "Komenda Suma"]
[BlackTeam "Zelenci LPP"]
[WhiteTeamCountry "SLO"]
[BlackTeamCountry "SLO"]

1. e4 e6 2. d4 g6 3. Nc3 Bg7 4. Be3 b6 5. Bd3 Bb7 6. Nf3 d6 7. Qd2 Nd7 8. 0-0-0 Qe7 9. Rhe1 0-0-0 10. Qe2 Nb8 11. Nd2 a6 12. Nb3 Nf6 13. f3 Nfd7 14. Bd2 Rhe8 15. Kb1 f6 16. a3 e5 17. d5 Nc5 18. Nxc5 dxc5 19. f4 b5 20. Qg4+ Qd7 21. Qg3 Qd6 22. Qh3+ Rd7 23. f5 gxf5 24. Qxf5 h6 25. Be2 Ba8 26. Bg4 Kb7 27. Qg6 Rde7 28. Bxh6 Bxh6 29. Qxh6 Rg8 30. Bh3 Nd7 31. Rf1 Reg7 32. g3 Rg6 33. Qh4 Nb6 34. Be6 Rf8 35. Qh7 Rg5 36. Qh6 Qe7 37. Rf5 Qg7 38. Qxg7 Rxg7 39. Rdf1 Rg6 40. R5f2 Nc4 41. Nd1 Kb6 42. Re1 Nd6 43. Bf5 Rg5 44. Ne3 Rh8 45. Rc1 a5 46. c3 a4 47. c4 c6 48. dxc6 Bxc6 49. cxb5 Bxe4+ 50. Bxe4 Nxe4 51. Re2 Kxb5 52. Nd5 f5 53. Nc7+ Kc6 54. Ne6 Rgh5 55. Nxc5 Nxc5 56. Rxe5 Rxh2 57. Rcxc5+ Kd6 58. Rxf5 Rb8 59. Rb5 Rc8 60. Rb6+ Ke7 61. Ra5 Rh1+ 62. Ka2 Rg1 63. Ra7+ Kf8 64. Rh6 Rxg3 65. Rh8+ Rg8 66. Rhh7 Rg4 67. Rh8+ Rg8 68. Rxg8+ Kxg8 69. Rxa4 Kf8 70. Ra7 Ke8 71. b4 Kd8 72. Kb3 Rc6 73. a4 Kc8 74. b5 Rh6 75. Kb4 Kb8 76. Rg7 Rf6 77. Ka5 Ka8 78. b6 Rf4 79. Kb5 Rf8 80. a5 Rh8 81. a6 Rf8 82. Kc6 Rf6+ 83. Kc7 Rf8 84. Rd7 Rc8+ 85. Kd6 Rh8 86. b7+ Kb8 87. Kc6 Ka7 88. Kc7 Rg8 89. Rd8 Rg7+ 90. Kc8 1-0